[Event "Rheinland Pfalz op 5th"]
[Site "Worms"]
[Date "2013.05.30"]
[Round "2"]
[White "Yankelevich, Michael"]
[Black "Guckes, Simon"]
[Result "1-0"]
[WhiteElo "1644"]
[BlackElo "1025"]
[PlyCount "52"]
[EventDate "2013.05.30"]
[EventType "swiss"]
[EventRounds "7"]
[EventCountry "GER"]
[SourceTitle "EXT 2014"]
[Source "ChessBase"]
[SourceDate "2013.11.20"]
[SourceVersion "1"]
[SourceVersionDate "2013.11.20"]
[SourceQuality "1"]

1. e4 c5 2. Nc3 e6 3. d3 Nf6 4. f4 d5 5. e5 Nfd7 6. Nf3 Nc6 7. Be2 Be7 8. 0-0 0-0 9. Qe1 d4 10. Ne4 b6 11. a3 Bb7 12. Bd2 f6 13. exf6 Bxf6 14. Bd1 Qc7 15. Nfg5 Bxg5 16. Nxg5 Qd6 17. Qxe6+ Qxe6 18. Nxe6 Rfe8 19. Nc7 Rac8 20. Nxe8 Rxe8 21. Bf3 Ndb8 22. Rfe1 Rf8 23. Re2 Ba6 24. Rae1 c4 25. Bd5+ Kh8 26. Re8 Nd7 1-0

[Event "GER-ch U10"]
[Site "Oberhof"]
[Date "2013.05.24"]
[Round "10"]
[White "Glinzner, Alva"]
[Black "Guckes, Simon"]
[Result "0-1"]
[WhiteElo "974"]
[BlackElo "1122"]
[PlyCount "73"]
[EventDate "2013.05.19"]
[EventType "swiss"]
[EventRounds "11"]
[EventCountry "GER"]
[SourceTitle "CBM 154 Extra"]
[Source "ChessBase"]
[SourceDate "2013.06.25"]
[SourceVersion "2"]
[SourceVersionDate "2013.06.25"]
[SourceQuality "1"]

1. e4 d6 2. d4 Nf6 3. Nc3 g6 4. Nf3 Bg7 5. Bc4 0-0 6. 0-0 Bg4 7. Qd3 Nbd7 8. Bg5 c5 9. d5 h6 10. Bh4 a6 11. Rfe1 b5 12. Nxb5 axb5 13. Bxb5 Rb8 14. Re3 Bxf3 15. Rxf3 Ne5 16. Qe3 Nxf3+ 17. Qxf3 Rxb5 18. Rb1 Qb6 19. b3 c4 20. a4 Rc5 21. b4 Rcc8 22. c3 Rfe8 23. a5 Qb5 24. Qe2 Nd7 25. Rb2 Bxc3 26. Rb3 Bg7 27. Bg3 Qb7 28. Rb1 Be5 29. Bxe5 Nxe5 30. Qe3 c3 31. Rc1 Qxb4 32. f4 Nd7 33. e5 dxe5 34. fxe5 c2 35. Qxh6 Nxe5 36. Qe3 Qb2 37. Qd2 0-1

[Event "GER-ch U10"]
[Site "Oberhof"]
[Date "2013.05.22"]
[Round "6"]
[White "Richter, Merlin"]
[Black "Guckes, Simon"]
[Result "1/2-1/2"]
[WhiteElo "791"]
[BlackElo "1122"]
[PlyCount "139"]
[EventDate "2013.05.19"]
[EventType "swiss"]
[EventRounds "11"]
[EventCountry "GER"]
[SourceTitle "CBM 154 Extra"]
[Source "ChessBase"]
[SourceDate "2013.06.25"]
[SourceVersion "2"]
[SourceVersionDate "2013.06.25"]
[SourceQuality "1"]

1. e4 c5 2. Nc3 e6 3. g3 Nc6 4. Bg2 Nf6 5. f4 d5 6. d3 dxe4 7. Nxe4 Nxe4 8. Bxe4 Be7 9. c3 0-0 10. Be3 Re8 11. d4 Qa5 12. dxc5 Rd8 13. Qb1 g6 14. b4 Qc7 15. Ne2 a5 16. 0-0 axb4 17. cxb4 Bf6 18. b5 Na5 19. b6 Qe7 20. a3 Bxa1 21. Qxa1 Nb3 22. Qc3 Na5 23. Bc1 f6 24. Bb2 Rf8 25. Rd1 Bd7 26. g4 e5 27. h3 exf4 28. Bd5+ Be6 29. Nxf4 Bxd5 30. Nxd5 Qe5 31. Qxe5 fxe5 32. Bxe5 Ra6 33. Nb4 Raa8 34. Bd6 Rfc8 35. Nd5 Rd8 36. Ne7+ Kf7 37. Rf1+ Ke6 38. Re1+ Kf7 39. Re4 Nb3 40. a4 Ra5 41. Rc4 Nd2 42. Rb4 Ke6 43. Kg2 Kd7 44. Kg3 Re8 45. Nd5 Re1 46. Nf6+ Kc6 47. Nxh7 Ne4+ 48. Kf4 Nxd6 49. cxd6 Kxd6 50. Kg3 Kc5 51. Rf4 Kxb6 52. Rf6+ Kc5 53. Rxg6 Kb4 54. h4 Rxa4 55. h5 Ra3+ 56. Kh4 Rh1+ 57. Kg5 Ra5+ 58. Kh6 Kc4 59. Kg7 b5 60. h6 b4 61. Nf8 b3 62. h7 Rxh7+ 63. Kxh7 b2 64. Rb6 Kc3 65. Kh6 Kc2 66. g5 b1Q 67. Rxb1 Kxb1 68. g6 Ra7 69. g7 Rxg7 70. Kxg7 1/2-1/2